000 00383nam a2200157Ia 4500
008 210210b1953 xxu||||| |||| 00| 0 eng d
041 _aeng
082 _a519/78
100 _aLITTLEWOOD (J E)
245 _aMathematicians miscellany
260 _aLondon
_bMethuen & co ltd
_c1953
650 _amiscellany
650 _aMathematicians
690 _aMathematics
906 _a007939
999 _c140795
_d140795